00240 a2200121 4500001000700000020002200007040001100029100001500040240002600055245002100081300000700102362000900109192565 a978-0-521-75261-9 cMagnum aRose, Jane10aNot yet, Nathan!lpor10aNot yet, Nathan! a150 a1996